000 00474cam a2200193ua 4500
001 9421
008 150904n ii |||gr||||Z||||||asm
020 _a817339282X
040 _cMAIN
041 _aasm
082 _a301
100 _aSaikia, Utpal,
_eAuthor.
245 1 _aSnatak mahalar samajtattwa parichay
_cby Utpal Saikia
250 _a3rd enl. ed.
260 _aDibrugarh:
_bBanalata,
_c2007.
300 _a344p.
653 _aSociology & anthropology
942 _cBK
999 _c8476
_d8476